Matematika 1

Bibliographic Details
Main Author: Zalabai, Zoltán, 1934-2012 (Author)
Format: Book
Language:Slovak
PhysicalDescription:219 s. Sch., tab. 29 cm
Published: Nitra Vysoká škola poľnohospodárska 1995
ISBN:8071372021
Edition:3. nepreprac. vyd.
Subjects:

MARC

LEADER 00000cam a2200000 a 4500
001 vtls001058784
003 SK-MaSNL
005 20260301193230.0
008 250414s1995 xo l frnp 000 0 slo
015 |a SNBA1995/0802314 
020 |a 8071372021 
035 |a SNK000001601 
035 |a urn:nbn:sk:snk-amlo1k 
035 |a urn:nbn:sk:snk-am00bxry 
035 |a EEF2C194-26CA-4C81-9B94-86FAA0FF2A3C 
040 |a SNK  |b slo  |c SNK  |e AACR2 
041 0 |a slo 
044 |a xo  |c SK 
080 |a 51(075.8)  |2 1981 
245 0 0 |a Matematika  |n 1  |c Z. Zalabai a kol. 
250 |a 3. nepreprac. vyd. 
260 |a Nitra  |b Vysoká škola poľnohospodárska  |c 1995 
300 |a 219 s.  |b Sch., tab.  |c 29 cm 
366 |e 500 výt. 
504 |a Bibliogr. 
650 0 7 |a matematika  |2 SNK  |9 70174 
655 7 |a Textbooks (higher)  |2 SNKPHeng  |9 276436 
655 7 |a učebnice vysokých škôl  |2 SNKPH  |9 70191 
700 1 |a Zalabai, Zoltán,  |d 1934-2012  |4 aut  |9 219115 
852 |a Slovenská národná knižnica 
919 |a 80-7137-202-1 
954 |a matematika 
958 0 7 |a RM 
958 0 7 |a NB 
958 0 7 |a UV 
999 |c 876413  |d 878343 
952 |t P60, <09>, [BOOK], {629}  |a SNK  |b SNK  |y NEVYP  |7 0  |o snkB 772  |i snk2411/950804  |0 0  |1 0  |4 0  |d 1995-08-02  |l 0  |r 2004-12-31 00:00:00  |w 2026-02-24 
952 |t P60, <03>, [BOOK], {603}  |a SNK  |b SNK  |y PREZ  |7 0  |p 17A0906878  |o snkSB 54294/1  |i snkKSP 6816/95  |0 0  |1 0  |4 0  |d 1995-08-02  |f 1  |l 0  |r 2016-12-31 00:00:00  |w 2026-02-24 
952 |t P60, <04>, [BOOK], {604}  |a SNK  |b SNK  |y VYP  |7 0  |p 17A0031940  |o snkSB 54294/1 D1  |i snkKSP 6817/95  |0 0  |1 0  |4 0  |d 1995-08-02  |l 0  |r 2004-12-31 00:00:00  |w 2026-02-24